| 000 | 01398nam a2200289 i 4500 | ||
|---|---|---|---|
| 001 | 163963 | ||
| 003 | ES-MaACL | ||
| 005 | 20250725232356.0 | ||
| 008 | 961001m18911892sp |||| | spa d | ||
| 040 |
_aCYL _bspa _cCYL |
||
| 080 | _a821.134.2-14"15/18"(082.2) | ||
| 080 | _a821.134.2(7/8)-14"15/18"(082.2) | ||
| 245 | 0 | 3 |
_aLa rosa _b: manojo de la poesía castellana, formado con las mejores producciones líricas consagradas á la reina de las flores durante los siglos XVI, XVII, XVIII y XIX por los poetas de los dos mundos / _crecogiólas de diferentes libros, códices y manuscritos y las publica con noticias biográficas y bibliográficas originales Juan Pérez de Guzmán. |
| 246 | 3 | 5 | _aCancionero de la rosa |
| 260 |
_aMadrid : _b[s.n.], _c1891-1892 ( _fImp. y Fundición de M. Tello) |
||
| 300 |
_a2 v. (518 ; 526 p.) ; _c17 cm. |
||
| 490 | 1 |
_aColección de escritores castellanos. Líricos ; _v85, 91 |
|
| 500 | _aEl v.1 incluye un apéndice. | ||
| 510 | 4 |
_aPalau, _c278215 |
|
| 594 | _aTítulo en antep.: "Cancionero de la rosa" | ||
| 650 | 7 |
_aPoesías españolas _2embne _916214 |
|
| 650 | 4 |
_aPoesías hispanoamericanas. _9148477 |
|
| 700 | 1 |
_aPérez de Guzmán y Gallo, Juan, _d1841-1928 _990777 |
|
| 830 | 0 |
_aColección de escritores castellanos. Líricos ; _v85, 91 _9187678 |
|
| 852 |
_aES-MaACL _jF-12654-55 _z. - Enc. hol. |
||
| 999 |
_c163963 _d163963 |
||